| 000 | 00636nam a2200181Ia 4500 | ||
|---|---|---|---|
| 005 | 20260429112244.0 | ||
| 008 | 260429s9999||||xx |||||||||||||| ||und|| | ||
| 020 | _a9788180315954 | ||
| 041 | _aHindi | ||
| 082 |
_a306.0954 _bDIN |
||
| 100 | _aदिनकर, रामधारी सिंह | ||
| 245 | 0 |
_aसंस्कृति के चार अध्याय / _cरामधारी सिंह दिनकर |
|
| 250 | _a28th ed. | ||
| 260 |
_aप्रयागराज : _bलोकभारती प्रकाशन, _c2024. |
||
| 300 | _axxii, 727 p.; Hb | ||
| 650 | _aCultural Imperialism | ||
| 942 | _cTB | ||
| 999 |
_c53153 _d53153 |
||